000 00413nam a22001697a 4500
005 20160523164629.0
008 160523b xxu||||| |||| 00| 0 eng d
020 _a81-203-2384-x
041 _aeng
082 _b4447
100 _aSchiesser, Rich
_91078
245 _aIT Systems Management
260 _aNew Delhi
_bAcademic Faundation
300 _a473
650 _aInformation Technology
_9137
942 _cBK
999 _c1480
_d1480